Sejarah di Selat Melaka (Record no. 4134)

MARC details
000 -LEADER
fixed length control field 00735nam a2200253 i 4500
001 - CONTROL NUMBER
control field C2-0018089
003 - CONTROL NUMBER IDENTIFIER
control field PPAK
005 - DATE AND TIME OF LATEST TRANSACTION
control field 20190630221946.0
008 - FIXED-LENGTH DATA ELEMENTS--GENERAL INFORMATION
fixed length control field 970202s1984 my a|||| ||||| | may d
040 ## - CATALOGING SOURCE
Original cataloging agency PPAK
Language of cataloging eng
Transcribing agency PPAK
Description conventions rda
082 04 - DEWEY DECIMAL CLASSIFICATION NUMBER
Classification number 959.5118
Edition number 23
090 00 - LOCALLY ASSIGNED LC-TYPE CALL NUMBER (OCLC); LOCAL CALL NUMBER (RLIN)
Classification number (OCLC) (R) ; Classification number, CALL (RLIN) (NR) 959.5118
Feature heading SEJ
Feature heading KIH
Classification number (OCLC) (R) ; Classification number, CALL (RLIN) (NR) 959.5118
Feature heading SEJ
Feature heading KMI
Classification number (OCLC) (R) ; Classification number, CALL (RLIN) (NR) 959.5118
Feature heading SEJ
Feature heading KSI
245 00 - TITLE STATEMENT
Title Sejarah di Selat Melaka
264 #1 - PRODUCTION, PUBLICATION, DISTRIBUTION, MANUFACTURE, AND COPYRIGHT NOTICE
Place of production, publication, distribution, manufacture Melaka :
Name of producer, publisher, distributor, manufacturer Persatuan Sejarah Malaysia Cawangan Melaka ,
Date of production, publication, distribution, manufacture, or copyright notice 1984
300 ## - PHYSICAL DESCRIPTION
Extent ix, 183 pages :
Other physical details illustrations ;
Dimensions 23 cm
336 ## - CONTENT TYPE
Source rdacontent
Content type term text
337 ## - MEDIA TYPE
Source rdamedia
Media type term unmediated
338 ## - CARRIER TYPE
Source rdacarrier
Carrier type term volume
650 10 - SUBJECT ADDED ENTRY--TOPICAL TERM
Topical term or geographic name entry element Malacca - History.
700 0# - ADDED ENTRY--PERSONAL NAME
Personal name Abdul Latiff Abu Bakar,
Relator term compile
942 ## - ADDED ENTRY ELEMENTS (KOHA)
-- dc
Koha item type Book
Holdings
Withdrawn Not for loan Current library Shelving location Date acquired Total Checkouts Full call number Barcode Date last seen Koha item type
  Not For Loan Perpustakaan Alor Setar Koleksi Ismail Hussein 14/11/1998   KIH 959.5118 SEJ A00178709 08/05/2018 Book
  Not For Loan Perpustakaan Alor Setar Koleksi Salleh Ibrahim 14/11/2000   KSI 959.5118 SEJ A00210860 08/05/2018 Book
  Not For Loan Perpustakaan Alor Setar Koleksi Prof. Dr. Muhammad Isa Othman 30/05/2011   KMI 959.5118 SEJ A00384046 08/05/2018 Book